| 000 | 00509cam a22001817a 4500 | ||
|---|---|---|---|
| 003 | OSt | ||
| 005 | 20150221091621.0 | ||
| 008 | 901009s1956 es 000 0 spa | ||
| 040 | _cBMC | ||
| 082 | _a863.99224 | ||
| 100 | 0 |
_aSalarrué _929497 |
|
| 245 | 1 | 3 |
_aEl señor de la burbuja _cSalarrúe |
| 260 |
_aSan Salvador _bMinisterio de Educación. Dirección de Publicaciones _c1956 |
||
| 300 |
_a180 p. _c18 cm |
||
| 490 |
_aBiblioteca Popular _v13 |
||
| 650 | 2 | 4 |
_929546 _aNovela salvadoreña |
| 942 |
_2ddc _cBK |
||
| 999 |
_c17564 _d17564 |
||